000 00432nam a2200181Ia 4500
001 12771
005 20260306163005.0
008 260306t2005||||xx |||||||||||||| ||spa||
041 _aESP
082 _aRD 241.03
_bF39
100 _aFernández, Aurelio
_eAUT
245 0 _aDiccionario de teología moral
260 _c2005
300 _a1477 páginas :
_c25 cm.
650 _aGEN
654 _aCHU
942 _cDIC
_dJUS
_fJUS
_2ddc
_n
999 _c12771
_d12771